[Event "Yuzhny Open"]
[Site "Yuzhny UKR"]
[Date "2011.09.05"]
[Round "5.14"]
[White "Khazankin,M"]
[Black "Yavorovsky,V"]
[Result "1/2-1/2"]
[WhiteElo "2111"]
[BlackElo "2263"]

1.e4 e6 2.d4 d5 3.Nd2 a6 4.Ngf3 c5 5.c3 Nc6 6.exd5 exd5 7.Be2 Nf6 8.O-O Bd6
9.dxc5 Bxc5 10.Nb3 Ba7 11.Nfd4 O-O 12.Bg5 Qd6 13.Bxf6 Qxf6 14.Bf3 Be6 15.Re1 Rad8
16.Nxc6 bxc6 17.Nd4 Bc8 18.b4 Rd6 19.Re3 Bd7 20.Qd2 h5 21.Rae1 h4 22.Re5 h3
23.Rg5 hxg2 24.Bxg2 Re6 25.Nxe6 fxe6 26.Re2 Bb8 27.Rg3 Bf4 28.Qd3 e5 29.Qxa6 Bxg3
30.hxg3 e4 31.Rc2 Bf5 32.Rc1 e3 33.fxe3 Qe5 34.Qe2 Qxg3 35.Rf1 Rf6 36.Rf4 g5
37.Rf3 Qe5 38.Qf2 Kg7 39.Qg3 Qxg3 40.Rxg3 g4 41.a4 Kh6 42.Bf1 Kg5 43.Be2 Kh4
44.Kh2 Bc8 45.a5 Rf2+ 46.Rg2 g3+ 47.Kg1 Rf7 48.Bd3 Bh3 49.Ra2 g2 50.Rf2 Re7
51.Rf3 Bg4 52.Kxg2 Bxf3+ 53.Kxf3 Rf7+ 54.Ke2 Kg3 55.e4 Kf4 56.exd5 cxd5 57.a6 Re7+
58.Kd2 Ke5 59.b5 Kd6 60.b6 Kc6 61.b7 Kc7 62.Be2 Re4 63.Bb5 d4 64.c4 Re3 65.c5 Ra3
66.c6 Kb8 67.Bc4 Rc3 68.Bd5 Rc5 69.Be4 Ra5 70.Bd3 Kc7 71.Bb5 Ra3 72.Bc4 Kb8
73.Bb5 Ra5 74.Bc4 Rc5 75.Kd3 Rxc6 76.Kxd4 Rb6 77.Kc5 Rxb7  1/2-1/2

[Event "FSIM September"]
[Site "Budapest HUN"]
[Date "2011.09.07"]
[Round "5"]
[White "Dolgener,T"]
[Black "Kantor,G"]
[Result "1/2-1/2"]
[WhiteElo "2257"]
[BlackElo "2268"]

1.e4 e6 2.d4 d5 3.Nd2 Be7 4.Ngf3 Nf6 5.Bd3 c5 6.dxc5 dxe4 7.Nxe4 Nxe4 8.Bxe4 Qxd1+
9.Kxd1 Bxc5 10.Ke2 Nd7 11.c4 Nf6 12.Bc2 b6 13.Rd1 Bb7 14.a3 O-O 15.b4 Be7
16.Bb2 Rac8 17.Bb3 h6 18.Ne5 Rc7 19.f3 Rd8 20.Rxd8+ Bxd8 21.Rd1 Be7 22.Bd4 Nd7
23.Nxd7 Rxd7 24.Be5 Rxd1 25.Bxd1 f6 26.Bb8 a5 27.Bc7 axb4 28.axb4 Bxb4 29.Bxb6 Bc6
30.c5 Kf7 31.Kd3 Ke7 32.Kc4 Bd2 33.Bc7 Kd7 34.Bd6 h5 35.Bc2 g5  1/2-1/2

[Event "US Chess League 2011"]
[Site "ICC INT"]
[Date "2011.09.07"]
[Round "2"]
[White "Wolff,Pa"]
[Black "Bercys,S"]
[Result "1/2-1/2"]
[WhiteElo "2564"]
[BlackElo "2477"]

1.e4 e6 2.d4 d5 3.Nd2 Be7 4.Ngf3 Nf6 5.e5 Nfd7 6.Bd3 c5 7.c3 Nc6 8.O-O a5
9.a4 b6 10.Re1 Ba6 11.Bb1 cxd4 12.cxd4 Nb4 13.Nf1 Rc8 14.h4 Bxh4 15.Nxh4 Qxh4
16.Nh2 h6 17.Ra3 Rc4 18.Nf3 Qe7 19.Rae3 Kd8 20.Bd2 Rc6 21.Nh2 Kc7 22.Rg3 f5
23.exf6 gxf6 24.Ng4 h5 25.Nh6 h4 26.Rh3 Kb7 27.Rxh4 Qf8 28.Qf3 Ka7 29.Qh3 Bc8
30.Nf5 Rg8 31.Ng3 f5 32.Nh5 Nf6 33.Nxf6 Qxf6 34.Rh7+ Ka8 35.Bc3 Qd8 36.Re3 Rc7
37.Rxc7 Qxc7 38.Qh4 Qd7 39.b3 Qc7 40.Qh2 Kb7 41.Rh3 Rg7 42.Qxc7+ Kxc7 43.f3 Kd6
44.Kf2 Bd7 45.Bd2 b5 46.Bf4+ Kc6 47.axb5+ Kxb5 48.Rh8 Nc6 49.Bd6 Kb6 50.Bd3 Kb7
51.Be2 Rf7 52.Ke3 Rg7 53.Bf1 Kb6 54.Kf4 Kb7 55.Bc5 Kc7 56.g3 Rf7 57.Be2 Kb7
58.Kg5 Rg7+ 59.Kf4 Rf7 60.Ke3 f4+ 61.gxf4 Ne7 62.Bxe7 Rxe7 63.Bd3 Rg7 64.Rh7 Rxh7
65.Bxh7 Kc6 66.Bd3 Kd6 67.f5 e5 68.f6 Be8 69.Bf5 Bf7 70.Kd3 Be8 71.Kc3 Bh5
72.Kd3 Be8 73.Ke3 Bf7 74.Bc8 Bh5 75.f4  1/2-1/2

[Event "FIDE World Cup 2011"]
[Site "Khanty-Mansiysk RUS"]
[Date "2011.09.07"]
[Round "4.2"]
[White "Navara,D"]
[Black "Zherebukh,Y"]
[Result "1-0"]
[WhiteElo "2722"]
[BlackElo "2590"]

1.e4 e6 2.d4 d5 3.Nd2 Nc6 4.Ngf3 Nf6 5.e5 Nd7 6.Bd3 Nb4 7.Be2 c5 8.c3 Nc6
9.O-O a5 10.a4 Be7 11.Re1 O-O 12.Bb5 f6 13.exf6 Nxf6 14.Nf1 Bd6 15.Ng3 Qc7
16.b3 Bd7 17.Ba3 b6 18.Ra2 Rae8 19.Rae2 Nd8 20.Bd3 Nf7 21.Ne5 c4 22.Bxd6 Nxd6
23.bxc4 dxc4 24.Bc2 Nd5 25.Qb1 g6 26.Bxg6 Re7 27.Qc1 hxg6 28.Nxg6 Rf6 29.Nxe7+ Nxe7
30.Nh5 Rg6 31.Nf4 Rg4 32.f3 Rg7 33.Nxe6 Bxe6 34.Rxe6 Ndf5 35.R1e5 Nh4 36.Rxe7 Nxf3+
37.Kf2 Nxe5 38.Re8+ Kh7 39.Rxe5 Qc6 40.Qc2+  1-0

[Event "9th Amantea Open"]
[Site "Amantea ITA"]
[Date "2011.09.09"]
[Round "7"]
[White "Okhotnik,V"]
[Black "Drasko,M"]
[Result "0-1"]
[WhiteElo "2445"]
[BlackElo "2478"]

1.e4 e6 2.d4 d5 3.Nd2 Be7 4.Ngf3 Nf6 5.Bd3 c5 6.e5 Nfd7 7.c3 b6 8.Nf1 Ba6
9.Bxa6 Nxa6 10.Qe2 Nc7 11.Ng3 a5 12.O-O a4 13.Bd2 h5 14.Qe3 Nb8 15.h4 Nc6
16.dxc5 bxc5 17.Rad1 Na5 18.Bc1 Nc4 19.Qf4 Rb8 20.Ne4 f5 21.exf6 gxf6 22.Ng3 Bd6  0-1

[Event "InventiChess GM"]
[Site "Antwerp BEL"]
[Date "2011.09.09"]
[Round "7.2"]
[White "Van der Wiel,J"]
[Black "Hovhanisian,M"]
[Result "1-0"]
[WhiteElo "2459"]
[BlackElo "2496"]

1.e4 e6 2.d4 d5 3.Nd2 Be7 4.c3 Nf6 5.e5 Nfd7 6.Bd3 c5 7.Qg4 O-O 8.Qh3 f5
9.g4 cxd4 10.cxd4 Nc6 11.Ne2 Qb6 12.gxf5 exf5 13.Nf3 Nb4 14.Bb1 Qa6 15.Bg5 Bxg5
16.Nxg5 h6 17.Nf3 Nd3+ 18.Bxd3 Qxd3 19.Rg1 Rf7 20.Rd1 Qa6 21.Nf4 Nf8 22.Nxd5 f4
23.Qh5 Qa5+ 24.Nc3 Bf5 25.Nd2 Rd8 26.Nc4 Qb4 27.Nd6 Rxd6 28.exd6 Qxd6 29.Qf3 Re7+
30.Kf1 Ne6 31.Nd5 Qa6+ 32.Kg2 Rf7 33.h4 Qxa2 34.Rge1 Qxb2 35.Re5 Kh8 36.Qc3 f3+
37.Kg3 Qa2 38.Ra1 Nxd4 39.Rxa2  1-0

[Event "8th LGA Premium Cup"]
[Site "Nuernberg GER"]
[Date "2011.09.10"]
[Round "4.57"]
[White "Mader,Ma"]
[Black "Siegel,A"]
[Result "1-0"]
[WhiteElo "2190"]
[BlackElo "1992"]

1.e4 e6 2.d4 d5 3.Nd2 Nc6 4.c3 e5 5.dxe5 Nxe5 6.Ndf3 Nxf3+ 7.Nxf3 Nf6 8.e5 Ne4
9.Bd3 Nc5 10.Bb1 Be7 11.Nd4 Ne6 12.O-O c5 13.Nf5 Bf8 14.f4 g6 15.Ng3 Ng7
16.f5 b6 17.e6 g5 18.exf7+ Kxf7 19.f6 Ne6 20.Qh5+ Kg8 21.f7+ Kg7 22.Nf5+ Kf6
23.Nd4+ Kg7 24.Nxe6+ Bxe6 25.Bxg5  1-0

[Event "Sorea Open"]
[Site "Stara Lubovna SVK"]
[Date "2011.09.10"]
[Round "5"]
[White "Naigebauer,Martin"]
[Black "Lembak,J"]
[Result "1/2-1/2"]
[WhiteElo "1812"]
[BlackElo "2245"]

1.e4 e6 2.d4 d5 3.Nd2 a6 4.c3 c5 5.exd5 exd5 6.Ngf3 Bd6 7.dxc5 Bxc5 8.Nb3 Bb6
9.Be2 Ne7 10.O-O O-O 11.Nbd4 Nd7 12.Be3 Nf6 13.Qc2 Bg4 14.Rad1 Qc7 15.h3 Bh5
16.Qb3  1/2-1/2

[Event "CHOM Open A"]
[Site "Montreal CAN"]
[Date "2011.09.11"]
[Round "4"]
[White "Qin,Z"]
[Black "Masse,H"]
[Result "0-1"]
[WhiteElo "2166"]
[BlackElo "2239"]

1.e4 e6 2.d4 d5 3.Nd2 Be7 4.Ngf3 Nf6 5.e5 Nfd7 6.Bd3 c5 7.c3 Nc6 8.O-O a5
9.a4 b6 10.Re1 Ba6 11.Bxa6 Rxa6 12.Nf1 Ra7 13.Ng3 cxd4 14.Nxd4 Nxd4 15.Qxd4 h5
16.c4 Nc5 17.Be3 Nb3 18.Qd3 Nxa1 19.Rxa1 Rd7 20.Qe2 g6 21.cxd5 Rxd5 22.Ne4 Rxe5
23.Bf4 Rd5 24.Nc3 Rd7 25.Be5 f6 26.Bg3 h4 27.Bf4 e5 28.Be3 Kf7 29.Qb5 Bc5
30.Bxc5 bxc5 31.Qxc5 Qc7 32.Qe3 Kg7 33.h3 Rhd8 34.Re1 Rd3 35.Qe4 R3d4 36.Qf3 Rf4
37.Qe3 Rb4 38.Re2 Qb6 39.Qc1 Qc5 40.Qc2 Qd4 41.Kh2 Qd3 42.Qc1 Rd7 43.Qe1 Qd4
44.Kg1 Qd3 45.Kh2 Rbd4 46.Qa1 Qf5 47.Qe1 Rd2 48.Ne4 Qf4+ 49.g3 hxg3+ 50.fxg3 Qxe4  0-1

[Event "8th LGA Premium Cup"]
[Site "Nuernberg GER"]
[Date "2011.09.11"]
[Round "7.81"]
[White "Suess,Stefan2"]
[Black "Pfadenhauer,T"]
[Result "0-1"]
[WhiteElo "1982"]
[BlackElo "1758"]

1.e4 e6 2.d4 d5 3.Nd2 Nc6 4.Ngf3 Nf6 5.e5 Nd7 6.c3 f6 7.exf6 Qxf6 8.Bd3 Bd6
9.Qe2 O-O 10.Nf1 e5 11.Bg5 Qf7 12.dxe5 Ndxe5 13.Nxe5 Nxe5 14.Be3 Bg4 15.Qc2 Nxd3+
16.Qxd3 Rae8 17.Kd2 Qxf2+  0-1

[Event "ch-Euro Youth b18"]
[Site "Albena BUL"]
[Date "2011.09.13"]
[Round "3.14"]
[White "Wertjanz,Dav"]
[Black "Kotainy,J"]
[Result "1/2-1/2"]
[WhiteElo "2257"]
[BlackElo "2406"]

1.e4 e6 2.d4 d5 3.Nd2 Nc6 4.Ngf3 Nf6 5.e5 Nd7 6.Be2 f6 7.exf6 Qxf6 8.Nf1 Bd6
9.Ne3 O-O 10.O-O Qg6 11.c4 Nf6 12.c5 Bf4 13.g3 Bh6 14.Ne5 Nxe5 15.dxe5 Nd7
16.f4 Nxc5 17.f5 Qf7 18.f6 Bxe3+ 19.Bxe3 Ne4 20.Bf3 Bd7 21.Bxe4 dxe4 22.Bc5 Rfe8
23.fxg7 Qxg7 24.Rf4 Kh8 25.Qh5 Rg8 26.Rd1 Bc6 27.Rdf1 Qg6 28.Qh4 Qg5 29.Be7 Qxh4
30.Bxh4 Rg6 31.Rf7 Kg8 32.Rxc7 Rg7 33.Rxg7+ Kxg7 34.Bf6+  1/2-1/2

[Event "2nd Zlatni Rat Open"]
[Site "Bol CRO"]
[Date "2011.09.14"]
[Round "6.12"]
[White "Berke,A"]
[Black "Vukelic,T"]
[Result "0-1"]
[WhiteElo "2190"]
[BlackElo "2231"]

1.e4 e6 2.d4 d5 3.Nd2 a6 4.Ngf3 c5 5.exd5 exd5 6.c4 Nf6 7.Qb3 Bd6 8.cxd5 O-O
9.Be2 Re8 10.Nc4 Nxd5 11.Bg5 Be7 12.Bxe7 Rxe7 13.Nce5 Nc6 14.O-O Nxd4 15.Qd1 Nxf3+
16.Nxf3 Bg4 17.h3 Nf4 18.Qxd8+ Rxd8 19.Bd1 Bf5 20.Bb3 Ne2+ 21.Kh2 Nd4 22.Nh4 Bd3
23.Rfd1 c4 24.Rac1 b5 25.a4 Nxb3  0-1

[Event "2nd Livigno Open A"]
[Site "Livigno ITA"]
[Date "2011.09.15"]
[Round "6.13"]
[White "Fedorchuk,S"]
[Black "Naumkin,I"]
[Result "1-0"]
[WhiteElo "2635"]
[BlackElo "2473"]

1.e4 e6 2.d4 d5 3.Nd2 Nc6 4.Ngf3 Nf6 5.e5 Nd7 6.Bd3 f6 7.exf6 Qxf6 8.Nf1 Bd6
9.Ne3 h6 10.c3 Ne7 11.Qe2 Qf7 12.Ng4 Nf5 13.O-O O-O 14.Bd2 c5 15.Rae1 Re8
16.h3 Re7 17.Nge5 Bxe5 18.Nxe5 Qf6 19.g4 Nd6 20.f4 Ne4 21.Bxe4 dxe4 22.Qxe4 Nxe5
23.fxe5 Qh4 24.Re3 cxd4 25.cxd4 h5 26.Bb4 hxg4 27.Bxe7 Qxe7 28.hxg4 Qh4 29.Qg6 Bd7
30.Rf7  1-0

[Event "11th Josipa Ipavca Mem"]
[Site "Sentjur SLO"]
[Date "2011.09.15"]
[Round "2"]
[White "Debevec,B"]
[Black "Drasko,M"]
[Result "1/2-1/2"]
[WhiteElo "2084"]
[BlackElo "2478"]

1.e4 e6 2.d4 d5 3.Nd2 Be7 4.Ngf3 Nf6 5.e5 Nfd7 6.Bd3 c5 7.c3 b6 8.Qe2 a5
9.h4 Ba6 10.Bxa6 Nxa6 11.h5 h6 12.a4 Qc7 13.Nb3 c4 14.Nbd2 Qc6 15.Rh3 Nc7
16.Rg3 Rg8 17.Nf1 O-O-O 18.Qc2 f5 19.Bf4 Kb7 20.Ne3 Ka7 21.Ke2 Rb8 22.Nd1 Ka6
23.Nd2 Bh4 24.Rh3 Be7 25.Rg3 Bh4 26.Rh3 Be7  1/2-1/2

[Event "ch-Euro Youth b14"]
[Site "Albena BUL"]
[Date "2011.09.17"]
[Round "6.12"]
[White "Boruchovsky,A"]
[Black "Gheorghiu,C"]
[Result "1-0"]
[WhiteElo "2326"]
[BlackElo "2023"]

1.e4 e6 2.d4 d5 3.Nd2 Nc6 4.Ngf3 Nf6 5.e5 Nd7 6.Be2 f6 7.exf6 Qxf6 8.Nf1 Bd6
9.Ne3 O-O 10.O-O Ne7 11.Bd3 Ng6 12.Ng4 Qf7 13.Ng5 Qe8 14.Re1 Nf6 15.Nxf6+ gxf6
16.Nxh7 Qf7 17.Nxf8 Nxf8 18.Bh6 Bd7 19.Qg4+ Kh8 20.Re3 e5 21.Qh4  1-0

[Event "31st Munich OIS A"]
[Site "Munich GER"]
[Date "2011.09.17"]
[Round "1.5"]
[White "Bally,Helmuth"]
[Black "Jorczik,J"]
[Result "0-1"]
[WhiteElo "1991"]
[BlackElo "2392"]

1.e4 e6 2.d4 d5 3.Nd2 Be7 4.Ngf3 Nf6 5.e5 Nfd7 6.Bd3 c5 7.c3 b6 8.O-O Ba6
9.Bxa6 Nxa6 10.Qa4 Qc8 11.dxc5 bxc5 12.Qg4 O-O 13.Re1 c4 14.Nf1 Kh8 15.Ng3 Nac5
16.Nh5 Rg8 17.Bg5 Qe8 18.Bxe7 Qxe7 19.Ng5 h6 20.h4 Nd3 21.f4 Nxe1 22.Rxe1 g6
23.Ng3 hxg5 24.fxg5 Rg7 25.Kh2 Rh7 26.Qf4 Nc5  0-1

[Event "ch-Euro Youth g18"]
[Site "Albena BUL"]
[Date "2011.09.18"]
[Round "7.19"]
[White "Panic,A"]
[Black "Varga,Kl"]
[Result "0-1"]
[WhiteElo "1875"]
[BlackElo "2183"]

1.e4 e6 2.d4 d5 3.Nd2 Nc6 4.Ngf3 Nf6 5.e5 Nd7 6.Bb5 a6 7.Bxc6 bxc6 8.c3 c5
9.Qa4 cxd4 10.cxd4 c5 11.O-O Qb6 12.dxc5 Bxc5 13.Nb3 O-O 14.Nxc5 Nxc5 15.Qg4 f5
16.Qh4 Nd3 17.b3 a5 18.Ba3 Nb4 19.Qd4 Qxd4 20.Nxd4 f4 21.Bxb4 axb4 22.Nc6 f3
23.g3 Bd7 24.Nxb4 Rf5 25.Rfe1 Rc8 26.a4 Rf7 27.Rab1 h5 28.h4 g5 29.hxg5 h4
30.Nd3 hxg3 31.fxg3 Rc3 32.Nf2 Rf5 33.g4 Rxg5 34.Kh2 Kf7 35.Kg3 Ke7 36.Kf4 Rg8
37.Rec1 Rf8+ 38.Kg3 Re3 39.Re1 d4 40.g5 Rf5 41.Ng4 Re2 42.Rg1 d3 43.Rbd1 d2
44.Rgf1 Bc6 45.Rf2 Rxg5 46.Rxd2 Re4 47.Kxf3 Rexg4+ 48.Ke2 Rxe5+ 49.Kd3 Rg3+
50.Kc4 Re4+ 51.Kc5 Rc3+ 52.Kb6 Rb4+ 53.Ka6 Rcxb3 54.a5 Rb8  0-1

[Event "ch-Euro Youth g18"]
[Site "Albena BUL"]
[Date "2011.09.18"]
[Round "7.12"]
[White "Dizdarevic,B"]
[Black "Collado Barbas,L"]
[Result "0-1"]
[WhiteElo "1962"]
[BlackElo "2057"]

1.e4 e6 2.d4 d5 3.Nd2 Be7 4.Ngf3 Nf6 5.e5 Nfd7 6.c3 c5 7.Bd3 b6 8.O-O Ba6
9.Ne1 Bxd3 10.Nxd3 Nc6 11.Nf3 O-O 12.h3 b5 13.Be3 c4 14.Nf4 b4 15.Nh2 Kh8
16.Ne2 a5 17.f4 Qb6 18.Kh1 a4 19.Rf3 a3 20.b3 cxb3 21.axb3 bxc3 22.Bg1 Na5
23.Rxc3 Rfb8 24.Nc1 Rc8 25.Qc2 Rxc3 26.Qxc3 Rb8 27.Nf3 h6 28.Be3 Qa6 29.Qc7 Qb5
30.Bd2 Nxb3 31.Nxb3 Qxb3 32.Qxd7 Qb2 33.Rc1 a2 34.Qa7 Ba3 35.Kh2 Rg8 36.Qxf7 Qxc1
37.Bxc1 a1=Q 38.Bxa3 Qxa3 39.Qxe6 Qf8 40.f5 Qd8 41.g3 Qc7 42.h4 Qc2+ 43.Kh3 Qe4
44.Nh2 Rf8 45.h5 Rxf5 46.Qe8+ Kh7 47.Qg6+ Kg8 48.Ng4 Qh1+ 49.Nh2 Rf7 50.Qc2 Qe4
51.Qxe4 dxe4 52.e6 Rf6 53.Kg2 Rxe6 54.Kf2 Ra6 55.Ke3 Ra3+ 56.Kxe4 Rxg3 57.Nf3 Rh3
58.Ne5 Rxh5 59.Kd5 Kf8 60.Ke6 Rxe5+ 61.Kxe5 Ke7 62.Kf5 Kd6  0-1

[Event "1st Marcel Duchamp"]
[Site "Buenos Aires ARG"]
[Date "2011.09.21"]
[Round "7"]
[White "Obregon,A"]
[Black "Cori,J"]
[Result "0-1"]
[WhiteElo "2449"]
[BlackElo "2458"]

1.e4 e6 2.d4 d5 3.Nd2 Nc6 4.Ngf3 Nf6 5.e5 Nd7 6.Be2 f6 7.exf6 Qxf6 8.Nf1 Bd6
9.Ne3 O-O 10.O-O Qf7 11.c4 Nf6 12.c5 Bf4 13.Nc2 e5 14.dxe5 Bxe5 15.Nxe5 Nxe5
16.Be3 c6 17.f3 Bf5 18.Nd4 Bd7 19.b3 Rae8 20.Qd2 Ng6 21.Rae1 Nh5 22.g3 Nf6
23.Kg2 Re7 24.Bd3 Rfe8 25.Nf5 Bxf5 26.Bxf5 Nd7 27.Bh3 Ngf8 28.Bf2 Ne6 29.b4 h6
30.f4 Nf6 31.Bf5 g6 32.Bd3 Ng7 33.Rxe7 Rxe7 34.Qc2 Ne4 35.Re1 Nf5 36.Rxe4 Rxe4
37.Bxe4 dxe4 38.Qxe4 Ne7 39.a3 h5 40.h3 Kf8 41.g4 hxg4 42.hxg4 Qb3 43.Qf3 Qc2
44.Kh3 Nd5 45.Bd4 Kf7 46.Kg3 Qb1 47.Qe2 Qb3+ 48.Qf3 Qb1 49.Kh4 Qe1+ 50.Bf2 Qd2
51.Bg3 Qb2 52.Kh3 Qc2 53.Bh4 Qd2 54.Bg5 Qc1 55.Qe4 Qxa3+ 56.Kh4 Qb2 57.Bh6 Qh8
58.g5 Qb2 59.b5 Qf2+ 60.Kg4 Ne3+ 61.Kh3 Qf1+ 62.Kh2 Qe2+ 63.Kh3 Qg4+ 64.Kh2 Nf1+  0-1

[Event "1st Marcel Duchamp"]
[Site "Buenos Aires ARG"]
[Date "2011.09.22"]
[Round "9"]
[White "Villanueva,Mar"]
[Black "Cori,J"]
[Result "1/2-1/2"]
[WhiteElo "2378"]
[BlackElo "2458"]

1.e4 e6 2.d4 d5 3.Nd2 Nc6 4.Ngf3 Nf6 5.e5 Nd7 6.Bd3 f6 7.exf6 Qxf6 8.Nf1 Bd6
9.Ne3 O-O 10.O-O Kh8 11.Ng4 Qe7 12.Re1 Nf6 13.Nge5 Nb4 14.Ng5 Nxd3 15.Qxd3 Kg8
16.f4 Qe8 17.Bd2 h6 18.Nh3 Ne4 19.Nf2 Bxe5 20.dxe5 Nxf2 21.Kxf2 Bd7 22.Kg1 Bb5
23.Qg3 c5 24.b4 Qe7  1/2-1/2

[Event "TCh-Central Serbia 2011"]
[Site "Kraljevo SRB"]
[Date "2011.09.22"]
[Round "8.2"]
[White "Solomunovic,I"]
[Black "Djukic,Z SRB"]
[Result "1-0"]
[WhiteElo "2402"]
[BlackElo "2399"]

1.e4 e6 2.d4 d5 3.Nd2 Be7 4.Bd3 Nf6 5.e5 Nfd7 6.Ne2 c5 7.c3 Nc6 8.O-O Qb6
9.Nf3 cxd4 10.cxd4 g5 11.Nxg5 Bxg5 12.Bxg5 Nxd4 13.Be3 Nxe2+ 14.Qxe2 d4 15.Bg5 h6
16.Bh4 Qa5 17.f4 b6 18.a3 Bb7 19.Rac1 Rg8 20.Bg3 Qd5 21.Bc4 Qe4 22.Qxe4 Bxe4
23.Rfd1 a6 24.Rxd4 Bb7 25.Ba2 Rd8 26.Rc7 Ba8 27.Rd2 Rg4 28.Ra7 Be4 29.Bc4 Bc6
30.Be2 Rg7 31.Rd6 Bd5 32.Bxa6  1-0

[Event "TCh-Central Serbia 2011"]
[Site "Kraljevo SRB"]
[Date "2011.09.23"]
[Round "9.2"]
[White "Zajic,Milan"]
[Black "Simonovic,A"]
[Result "1/2-1/2"]
[WhiteElo "2110"]
[BlackElo "2401"]

1.e4 e6 2.d4 d5 3.Nd2 a6 4.Ngf3 c5 5.exd5 exd5 6.dxc5 Bxc5 7.Nb3 Ba7 8.Be2 Nc6
9.c3 Nf6 10.O-O O-O 11.Nfd4 Re8 12.Be3 Ne5 13.Bf4 Ng6 14.Bg3 Ne4 15.Bg4 Qg5
16.Bxc8 Raxc8 17.Nf3 Qd8 18.Nfd4 Qd7 19.Qh5 f6 20.Rad1 Nxg3 21.fxg3 Re5 22.Qf3 Rce8
23.Kh1 Ne7 24.Qd3 Qg4 25.a3 Qg6 26.Qd2 Rd8 27.Rde1 Nc6 28.Nxc6 bxc6 29.Rxe5 fxe5
30.Qe2 Rf8 31.Qxa6 Rxf1+ 32.Qxf1 Qc2 33.Na5 Bf2 34.Nxc6 e4 35.Ne7+ Kh8 36.Nxd5 Qxb2  1/2-1/2

[Event "8th Highlands Open"]
[Site "Zdar nad Sazavou CZE"]
[Date "2011.09.24"]
[Round "1"]
[White "Suchomelova,Simona"]
[Black "Lauko,M"]
[Result "1-0"]
[WhiteElo "1581"]
[BlackElo "1961"]

1.e4 e6 2.d4 d5 3.Nd2 Nc6 4.Ngf3 Nf6 5.e5 Ne4 6.Bd3 Nxd2 7.Bxd2 Nb4 8.Bxb4 Bxb4+
9.c3 Be7 10.O-O O-O 11.Qc2 g6 12.c4 dxc4 13.Bxc4 c6 14.Rad1 b5 15.Bd3 Bb7
16.Be4 Qb6 17.h4 Kg7 18.Rd3 Rac8 19.Ng5 c5 20.d5 c4 21.Rd2 h6 22.d6 Bxe4
23.Qxe4 Bxg5 24.hxg5 hxg5 25.Qg4 Qd8 26.Rfd1 Rc5 27.Qd4 Rd5 28.Qe3 Rxd2 29.Rxd2 a5
30.Qc5 Qd7 31.Qe3 Qd8 32.d7 b4 33.Qc5 c3 34.bxc3 bxc3 35.Qxc3 Rh8 36.Qd3 g4
37.Rc2 Qh4 38.Kf1 Rd8 39.Qd6 g3 40.fxg3 Qxg3 41.Rc8 Qf4+ 42.Ke1 Qe4+ 43.Kd1 Qa4+
44.Kc1 Qf4+ 45.Kb2 Qf2+ 46.Rc2 Qh4 47.Rd2 Qf4 48.Qd4 Qg5 49.Rc2 Qe7 50.Rc7  1-0

[Event "Tatry Open"]
[Site "Tatranske Zruby SVK"]
[Date "2011.09.27"]
[Round "3.25"]
[White "Jurcisin,I"]
[Black "Burdik,L"]
[Result "1/2-1/2"]
[WhiteElo "2041"]
[BlackElo "2208"]

1.e4 e6 2.d4 d5 3.Nd2 Nc6 4.c3 e5 5.dxe5 Nxe5 6.Ngf3 Nxf3+ 7.Qxf3 Be6 8.Bd3 Nf6
9.O-O Be7 10.exd5 Bxd5 11.Ne4 O-O 12.Bf4 c6 13.Rfe1 Re8  1/2-1/2

[Event "FPX 70 Anos"]
[Site "Sao Paulo BRA"]
[Date "2011.09.30"]
[Round "8.3"]
[White "Terao,R"]
[Black "Lebredo Zaragoitia,G"]
[Result "1-0"]
[WhiteElo "2358"]
[BlackElo "2240"]

1.e4 e6 2.d4 d5 3.Nd2 a6 4.Ngf3 c5 5.dxc5 Bxc5 6.Bd3 Nc6 7.exd5 exd5 8.O-O Bg4
9.Nb3 Bd6 10.Re1+ Nge7 11.c3 Qc7 12.h3 Bh5 13.Be3 Rd8 14.Nbd4 Nxd4 15.Bxd4 O-O
16.Bc2 Nc6 17.Qd3 Bg6 18.Qe2 Rd7 19.Bxg6 hxg6 20.Qd2 Nxd4 21.Nxd4 Be5 22.Rad1 Bf6
23.Re2 Qc4 24.a3 b5 25.Qe1 a5 26.Nc2 Qb3 27.Red2 Qxb2 28.Ne3 Qxa3 29.Nxd5 Ra7
30.Qe3 Raa8 31.Qb6 Rac8 32.Qxb5 Qc5 33.Qa4 Qc4 34.Qd7 Qc6 35.Qg4 Rfe8 36.Rd3 a4
37.Qb4 Qc4 38.Qxc4 Rxc4 39.Ra1 Rec8 40.Ra3 R8c6 41.Kf1 Kh7 42.Nxf6+ gxf6
43.Ke2 Re6+ 44.Re3 Rd6 45.Rd3 Re6+ 46.Kd2 Rce4 47.Re3 Rd6+ 48.Kc2 Rf4 49.f3 Rc4
50.Re4 Rc5 51.Raxa4 Rdc6 52.c4 f5 53.Rd4 g5 54.Kc3 Re5 55.Rd2 Kg6 56.Ra8 f4
57.Rg8+ Kf5 58.Rgd8 Re1 59.R8d5+ Ke6 60.Rxg5 Rc1+ 61.Rc2 Rxc2+ 62.Kxc2 Rxc4+
63.Kd3 Ra4 64.h4 f5 65.Rg6+ Ke5 66.h5 Kd5 67.h6 Ra3+ 68.Ke2 Ra2+ 69.Kf1 Ra1+
70.Kf2 Rh1 71.Ra6 Ke5 72.Rb6 Kd5 73.g4 Rh2+ 74.Kg1 Rh3 75.Rb5+ Kd4 76.Rxf5 Ke3
77.Rh5 Rg3+ 78.Kh2 Kxf3 79.h7 Rg2+ 80.Kh1  1-0

[Event "1st Qinhuangdao Open"]
[Site "Qinhuangdao CHN"]
[Date "2011.10.03"]
[Round "4"]
[White "Ma Qun"]
[Black "Nguyen Ngoc Truong Son"]
[Result "0-1"]
[WhiteElo "2455"]
[BlackElo "2644"]

1.e4 e6 2.d4 d5 3.Nd2 Nc6 4.Ngf3 Nf6 5.e5 Nd7 6.c4 Be7 7.cxd5 exd5 8.Bb5 O-O
9.O-O a6 10.Bd3 Nb4 11.Bb1 c5 12.a3 Nc6 13.Re1 Re8 14.dxc5 a5 15.Qc2 g6 16.e6 fxe6
17.Rxe6 Nf6 18.Re1 Bf8 19.Rxe8 Qxe8 20.h3 Qe7 21.Nb3 a4 22.Nbd2 Qxc5 23.b4 axb3
24.Qxc5 Bxc5 25.Nxb3 Bf8 26.Bd3 Ne4 27.Bb2 Nd6 28.Rc1 Bg7 29.Nbd4 Bd7 30.Rb1 Nc4
31.Bxc4 dxc4 32.Nxc6 Bxc6 33.Bxg7 Kxg7 34.Ne5 Be4 35.Rb4 b5 36.f3 Bf5 37.Rxb5 c3
38.g4 c2 39.Rc5 Rxa3 40.gxf5 Ra1+ 41.Kg2 c1=Q 42.Rxc1 Rxc1 43.fxg6 Rc5 44.f4 hxg6
45.Kg3 Rc1 46.Nf3 Kf6 47.Kg4 Ra1 48.Kg3 Kf5 49.Nh4+ Ke4 50.Kg2 Ra8 51.Kf2 Ra6
52.Kg3 Ra1 53.Kg2 Kxf4 54.Nxg6+ Kf5 55.Nh4+ Kf4 56.Ng6+ Ke4 57.Kf2 Ra3 58.Kg2 Kf5
59.Nh4+ Ke4 60.Ng6 Ra6 61.Nh4 Kf4 62.Kf1 Ra1+ 63.Kf2 Ra2+ 64.Kf1 Rh2 65.Ng6+ Ke4
66.Nh4 Ke3 67.Ng2+ Kf3 68.Nh4+ Kg3 69.Nf5+ Kf4 70.Nd4 Rd2 71.Ne2+ Ke3 72.Ng1 Rf2+
73.Ke1 Rh2 74.Kf1 Ra2 75.h4 Rf2+ 76.Ke1 Rh2 77.Kf1 Rf2+ 78.Ke1 Rc2 79.Kf1 Rh2
80.Ke1 Rxh4  0-1

[Event "Oslo GM Open"]
[Site "Oslo NOR"]
[Date "2011.10.05"]
[Round "5.11"]
[White "Van Eijk,S"]
[Black "Getz,N"]
[Result "1/2-1/2"]
[WhiteElo "2372"]
[BlackElo "2391"]

1.e4 e6 2.d4 d5 3.Nd2 Be7 4.Bd3 c5 5.dxc5 Nf6 6.Qe2 O-O 7.c3 a5 8.Ngf3 Na6
9.e5 Nd7 10.Nb3 Naxc5 11.Nxc5 Nxc5 12.O-O Nxd3 13.Qxd3 b5 14.Nd4 b4 15.Qg3 Kh8
16.Rd1 Bd7 17.Bf4 bxc3 18.bxc3 Rc8 19.Rab1 Rc4 20.Rd3 f5 21.Bd2 Qc7 22.f4 Rb8
23.Qe1 Ra4 24.Rxb8+ Qxb8 25.Qa1 Ba3 26.Qd1 Bc5 27.Qc2 Ra3 28.g4 fxg4 29.Kg2 Bxd4
30.Rxd4 Qb5 31.Bc1 Ra4 32.Rxa4 Qxa4 33.Qxa4 Bxa4 34.Be3 Bc2 35.h3 gxh3+ 36.Kxh3 a4
37.Kg4 Kg8 38.Kg5 Kf7 39.Bc5 Ke8 40.a3 Kd7 41.Bf8 g6 42.Kg4 Kc6 43.Kg3 Kb5
44.Be7 Kc4 45.Bb4 Bd1 46.Kh4 Kd3 47.Kg3 Ke4 48.Bd6 h5 49.Bc7 Bg4 50.Bd6 Bf5
51.Be7 g5 52.fxg5 Kxe5 53.Kf3 Be4+ 54.Ke3 Kf5 55.g6 Kxg6 56.Kd4 Kf5 57.Bd6 Bb1
58.Bc7 Ba2 59.Bd6 h4 60.Bc7 Kg4 61.Ke3 Bb1 62.Bd6 d4+ 63.cxd4 Kf5 64.Be5 Kg6
65.Kd2 Kf7 66.Kc3 Ba2 67.Bb8 Bb3 68.Be5 h3 69.Bb8 Kf6 70.Kd2 Ke7 71.Kd3 Kd7
72.Ke4 Bc2+ 73.Ke3 Kc6 74.Kd2 Bf5 75.Ke3 Kd5 76.Be5 Kc4 77.Kf2 Be4 78.Kg3 Bg2
79.Kh2 Kb3  1/2-1/2

[Event "20th TCh-CRO 1b"]
[Site "Sibenik CRO"]
[Date "2011.10.05"]
[Round "2.2"]
[White "Krstic,U"]
[Black "Sedlak,N"]
[Result "1/2-1/2"]
[WhiteElo "2450"]
[BlackElo "2589"]

1.e4 e6 2.d4 d5 3.Nd2 a6 4.Ngf3 c5 5.exd5 exd5 6.dxc5 Bxc5 7.Nb3 Be7 8.Be2 Nf6
9.O-O Nc6 10.Bf4 O-O 11.Nfd4 Ne4 12.Nxc6 bxc6 13.c4 Bf6 14.Qc2 Bf5 15.Bd3 Bg6
16.Rad1 Re8 17.Rfe1 Qb6 18.Be3 Qb4 19.f3 Nd6 20.Bxg6 hxg6 21.cxd5 cxd5 22.Bf2 Nc4
23.Rxe8+ Rxe8 24.a3 Qa4 25.Nd4 Nxb2 26.Qxa4 Nxa4 27.Nc6 Nc3 28.Rd3 Re2 29.Bd4 Nb5
30.Bxf6 gxf6 31.a4 Nc7 32.Nb4 Re1+ 33.Kf2 Ra1 34.Nxd5 Nxd5 35.Rxd5 Rxa4 36.Rd8+ Kg7
37.Ra8 f5 38.Kg3 g5 39.h3 Kf6 40.Ra7 f4+ 41.Kh2 Ra2 42.h4 g4 43.fxg4 f3 44.g5+ Kg6
45.h5+ Kxg5 46.Rxf7 f2 47.Kh3 Kxh5 48.g4+ Kg6 49.Rf5 a5 50.Kg2 a4 51.Kf1 a3
52.Ra5 Kf6 53.Kg2 Ke6 54.g5 Kf7 55.Ra6  1/2-1/2

[Event "10th Forchheim Open"]
[Site "Forchheim GER"]
[Date "2011.10.08"]
[Round "3.37"]
[White "Utz,G"]
[Black "Barthelmann,B"]
[Result "0-1"]
[WhiteElo "1981"]
[BlackElo "2088"]

1.e4 e6 2.d4 d5 3.Nd2 Be7 4.Ngf3 Nf6 5.e5 Nfd7 6.Bd3 c5 7.c3 Nc6 8.Nf1 cxd4
9.cxd4 Qb6 10.Qa4 Qb4+ 11.Qxb4 Nxb4 12.Bb1 b6 13.a3 Nc6 14.Bd3 Na5 15.N1d2 f6
16.b4 Nc6 17.Bb2 O-O 18.O-O Bb7 19.Rac1 Rfc8 20.Rc2 f5 21.Rfc1 Nd8 22.Bb5 Nf8
23.Rc7 Ng6 24.Bd7 Rxc7 25.Rxc7 Kf8 26.g3 h6 27.Rxb7 Nxb7 28.Bxe6 Rd8 29.Bxf5 Nh8
30.h4 a5 31.b5 a4 32.Ne1 Na5 33.Nd3 g5 34.hxg5 hxg5 35.f4 Nc4 36.Nxc4 dxc4
37.Nf2 Rd5 38.Bc3 Rxb5 39.Bc2 Bxa3 40.Bxa4 Rb1+ 41.Kg2 b5 42.Bd1 b4 43.Be2 bxc3
44.Bxc4 c2 45.Nd3 Rd1  0-1